000 00411nam a22001337a 4500
003 SGT
020 _a9789385936401
082 _a080
_bA16D
100 _aदेव, संदीप
245 _aआशुतोष महाराज : महायोगी का महारहस्य
260 _bब्लूम्सबैरी पब्लिशिंग
_c2016
300 _a239
942 _2ddc
_cBK
999 _c31639
_d31639